Analytical chemistry /
שמור ב:
| מחבר ראשי: | |
|---|---|
| פורמט: | Sách giấy |
| יצא לאור: |
New York :
Wiley & Sons,
c1994.
|
| מהדורה: | 1st ed. |
| נושאים: | |
| גישה מקוונת: | Table of Contents Publisher description |
| תגים: |
הוספת תג
אין תגיות, היה/י הראשונ/ה לתייג את הרשומה!
|
| Thư viện lưu trữ: | Thư viện Trường Đại học Đà Lạt |
|---|
| LEADER | 01026nam a2200349 4500 | ||
|---|---|---|---|
| 001 | DLU030024737 | ||
| 005 | ##20030911191959.0 | ||
| 008 | ##930818s1994 nyu 001 0 eng | ||
| 010 | # | # | |a 93032933 |
| 020 | # | # | |a 0471597619 |
| 035 | # | # | |9 (DLC) 93032933 |
| 040 | # | # | |a DLC |c DLC |d DLC |
| 050 | # | # | |a QD101.2 |b .C57 1994 |
| 082 | # | # | |a 545 |b CH-G |
| 100 | # | # | |a Christian, Gary D. |
| 245 | # | # | |a Analytical chemistry / |c Gary D. Christian. |
| 250 | # | # | |a 1st ed. |
| 260 | # | # | |a New York : |b Wiley & Sons, |c c1994. |
| 300 | # | # | |a xx, 162p. : |b ; |c 26 cm. |
| 500 | # | # | |a Includes index. |
| 650 | # | # | |a Chemistry, Analytic |x Quantitative. |
| 856 | # | # | |3 Table of Contents |u http://www.loc.gov/catdir/toc/onix05/93032933.html |
| 856 | # | # | |3 Publisher description |u http://www.loc.gov/catdir/description/wiley034/93032933.html |
| 992 | # | # | |a 7280 |
| 994 | # | # | |a DLU |
| 900 | # | # | |a True |
| 911 | # | # | |a Lê Thị Mạnh Xuân |
| 925 | # | # | |a G |
| 926 | # | # | |a A |
| 927 | # | # | |a SH |
| 980 | # | # | |a Thư viện Trường Đại học Đà Lạt |


